[Event "EYCC Boys U18"]
[Site "Batumi GEO"]
[Date "2010.09.23"]
[Round "5"]
[White "Rzayev,B"]
[Black "Radusinovic,L"]
[Result "1/2-1/2"]
[WhiteElo "2235"]
[BlackElo "2257"]

1.e4 c5 2.Nc3 Nc6 3.Bb5 d6 4.f4 g6 5.Nf3 Bg7 6.d3 e6 7.Bxc6+ bxc6 8.O-O Rb8
9.e5 d5 10.Na4 Bf8 11.c4 Nh6 12.Be3 Ng4 13.Bd2 h5 14.h3 Nh6 15.Be3 Nf5 16.Bf2 h4
17.b3 Qa5 18.Qd2 Qxd2 19.Nxd2 Nd4 20.Kh2 Be7 21.Rab1 a5 22.a3 Ra8 23.Nb6 Rb8
24.Nxc8 Rxc8 25.b4 axb4 26.axb4 O-O 27.bxc5 Ne2 28.Rb7 Rfe8 29.cxd5 exd5
30.d4 Rb8 31.Rc7 Rbc8 32.Rxc8 Rxc8 33.Nf3 Nxf4 34.Bxh4 Bxh4 35.Nxh4 Ne6 36.Nf3 Rb8
37.Rd1 Rb2 38.Kg3 Kg7 39.Ra1 Rb4 40.Ra7 Kf8 41.Kh2 Ke8 42.Kg1 Rb2 43.h4 Rb4
44.g3 Rb1+ 45.Kg2 Rb2+ 46.Kh3 Rb4 47.g4 Rb3 48.Kg2 Nf4+ 49.Kf2 Rb2+ 50.Ke3 Ng2+
51.Kd3 Rb3+ 52.Ke2 Nf4+ 53.Kf2 Rb2+  1/2-1/2

[Event "EYCC Boys U14"]
[Site "Batumi GEO"]
[Date "2010.09.23"]
[Round "5"]
[White "Korchmar,V"]
[Black "Usmanov,V"]
[Result "1/2-1/2"]
[WhiteElo "2214"]
[BlackElo "2219"]

1.e4 c5 2.Nc3 Nc6 3.Nf3 Nf6 4.d4 cxd4 5.Nxd4 e5 6.Ndb5 h6 7.Nd6+ Bxd6 8.Qxd6 Qe7
9.Qxe7+ Kxe7 10.Be3 d6 11.O-O-O Be6 12.Be2 a6 13.Bb6 Nd7 14.Be3 Rac8 15.Rd2 Nf6
16.Rhd1 Nb4 17.Rxd6 Nxa2+ 18.Nxa2 Bxa2 19.Rb6 Rc7 20.b3 Nxe4 21.Kb2 Nc3 22.Rd2 f5
23.f4 Rhc8 24.Bc4 Na4+ 25.Kxa2 Nxb6 26.Bxb6 Rc6 27.Ba5 b5 28.Bb4+ Ke8 29.Bd5 Rxc2+
30.Rxc2 Rxc2+ 31.Kb1 Re2 32.fxe5 Rxe5 33.Bb7 Kd7 34.Bc3 Re7 35.Kc2 Kc7 36.Bf3 Rd7  1/2-1/2

[Event "39th Olympiad Men"]
[Site "Khanty-Mansiysk RUS"]
[Date "2010.09.23"]
[Round "3"]
[White "Rowe,D"]
[Black "Annaberdiev,M"]
[Result "0-1"]
[WhiteElo "2248"]
[BlackElo "2465"]

1.e4 c5 2.Nc3 Nc6 3.Bb5 g6 4.Nge2 Bg7 5.O-O Nf6 6.d3 O-O 7.f4 Nd4 8.Bc4 d5
9.exd5 Bg4 10.h3 Bxe2 11.Nxe2 Nxd5 12.c3 Nf5 13.Rf3 e6 14.Ng3 Nxg3 15.Rxg3 Qd6
16.Rf3 Rfd8 17.Qb3 Nb6 18.Be3 Nxc4 19.dxc4 Qb6 20.Qa3 Bf8 21.Qb3 Qc6 22.Rd1 Qe4
23.Re1 Be7 24.Bf2 Qc6 25.Rd1 b6 26.Rfd3 Qe4 27.Rxd8+ Rxd8 28.Rxd8+ Bxd8 29.g3 Bf6
30.a4 h5 31.a5 h4 32.gxh4 Qxf4 33.axb6 axb6 34.Qxb6 Bxh4 35.Qxc5 Qc1+ 36.Kg2 Qxb2
37.Qd4 Qxf2+ 38.Qxf2 Bxf2 39.Kxf2 Kf8 40.h4 Ke7 41.Ke3 Kd6 42.Kf4 f6 43.Ke4 Kc5
44.Kd3 e5  0-1

[Event "39th Olympiad Women"]
[Site "Khanty-Mansiysk RUS"]
[Date "2010.09.23"]
[Round "3"]
[White "Abrahamyan,T"]
[Black "Plazaola,M"]
[Result "1-0"]
[WhiteElo "2352"]
[BlackElo "2203"]

1.e4 c5 2.Nf3 Nc6 3.Nc3 Nf6 4.d4 cxd4 5.Nxd4 e5 6.Ndb5 d6 7.Bg5 a6 8.Na3 Be6
9.Nc4 Rc8 10.Ne3 Be7 11.Bxf6 Bxf6 12.Ncd5 Bg5 13.Be2 O-O 14.c3 Ne7 15.Bf3 Kh8
16.O-O g6 17.Nxe7 Bxe7 18.Qe2 Rc7 19.Rfd1 f5 20.Nd5 Rd7 21.g3 Bg5 22.exf5 gxf5
23.Kh1 Rdf7 24.Bh5 Rg7 25.c4 f4 26.c5 Qa5 27.b4 Bxd5+ 28.Rxd5 Qxb4 29.cxd6 Qb6
30.Rad1 Bd8 31.Rxe5 fxg3 32.fxg3 Qc6+ 33.Qg2 Qxg2+ 34.Kxg2 b5 35.d7 Re7 36.Rxe7 Bxe7
37.Be8 Bd8 38.Rc1 Bb6 39.Rc6 Rf2+ 40.Kh3 Ba5 41.Rxa6 Bc7 42.Ra7 Bb6 43.Rb7 Ba5
44.Rxb5 Bc7 45.a4 Kg8 46.Rc5 Bb6 47.a5 Bd8 48.a6 Ra2 49.Rc8  1-0

[Event "39th Olympiad Women"]
[Site "Khanty-Mansiysk RUS"]
[Date "2010.09.24"]
[Round "4"]
[White "Mrvova,A"]
[Black "Mammadova,G"]
[Result "0-1"]
[WhiteElo "2253"]
[BlackElo "2293"]

1.e4 c5 2.Nf3 Nc6 3.Nc3 d6 4.Bb5 e5 5.O-O Nf6 6.Re1 Be7 7.Nd5 O-O 8.c3 Be6
9.Bxc6 bxc6 10.Nxe7+ Qxe7 11.h3 c4 12.d4 cxd3 13.Qxd3 Nd7 14.Qa6 Nc5 15.Qe2 f5
16.exf5 Rxf5 17.b4 Nd7 18.Be3 Raf8 19.Nd2 Nb6 20.c4 Qh4 21.Rac1 R5f6 22.c5 Nd5
23.Rc4 Nf4 24.Bxf4 Bxc4 25.Qxc4+ d5 26.Bg3 Qxc4 27.Nxc4 dxc4 28.Rc1 Re6 29.Rxc4 Rd8
30.Rc3 Rd4 31.a3 e4 32.Re3 Rd1+ 33.Kh2 Rd3 34.Bf4 h6 35.h4 a6 36.g4 g5 37.hxg5 hxg5
38.Bxg5 Rg6 39.Bf4 Rxe3 40.Bxe3 Rxg4 41.Bd4 Kf7 42.Be5 Ke6 43.Bg3 Kd5 44.Kg2 Kc4
45.Kf1 e3 46.Ke2 exf2 47.Bxf2 Rg2 48.Ke3 Rxf2 49.Kxf2 Kb3 50.b5 axb5 51.Ke3 Kxa3
52.Kd4 Kb4  0-1

[Event "39th Olympiad Men"]
[Site "Khanty-Mansiysk RUS"]
[Date "2010.09.24"]
[Round "4"]
[White "Mossong,H"]
[Black "Mueller,Oli"]
[Result "0-1"]
[WhiteElo "2184"]
[BlackElo "2311"]

1.e4 c5 2.Nc3 Nc6 3.Bb5 a6 4.Bxc6 dxc6 5.d3 e5 6.Nf3 Bd6 7.O-O Bg4 8.h3 Bh5
9.Be3 Nf6 10.Kh2 Nd7 11.a4 a5 12.Nb1 Nf8 13.Nbd2 Ne6 14.Rg1 Nd4 15.c3 Nxf3+
16.Nxf3 f5 17.g4 fxg4 18.hxg4 Bg6 19.Rg3 O-O 20.Kg2 c4 21.Ng5 Qe7 22.f3 h6
23.Nh3 Qf7 24.dxc4 Be7 25.g5 h5 26.Ng1 Qxc4 27.Qe2 Qb3 28.Kh2 Rf7 29.Rg2 Raf8
30.Qd1 Qe6 31.Qe2 h4 32.Rf1 Bxe4 33.fxe4 Rxf1 34.g6 R8f6 35.Qh5 h3 36.Nxh3 R6f3
37.Bg5 Rxh3+ 38.Qxh3 Rh1+ 39.Kxh1 Qxh3+  0-1

[Event "39th Olympiad Men"]
[Site "Khanty-Mansiysk RUS"]
[Date "2010.09.24"]
[Round "4"]
[White "Movsesian,S"]
[Black "Potapov,P"]
[Result "1-0"]
[WhiteElo "2723"]
[BlackElo "2464"]

1.e4 c5 2.Nc3 Nc6 3.Nge2 e5 4.Nd5 Nge7 5.Nec3 Nxd5 6.Nxd5 Be7 7.Bc4 O-O 8.O-O d6
9.a3 Be6 10.d3 Rb8 11.f4 exf4 12.Bxf4 Bg5 13.Qh5 h6 14.Bg3 b5 15.Ba2 Qd7
16.h3 a5 17.c3 a4 18.Kh2 b4 19.axb4 cxb4 20.Qe2 bxc3 21.bxc3 Na5 22.h4 Bd8
23.Ne3 Nb3 24.Rad1 Ba5 25.d4 Qe7 26.e5 dxe5 27.d5 Bd7 28.d6 Qe6 29.Bb1 e4
30.Nd5 f5 31.c4 Kh8 32.h5 Rf7 33.Nc7 Bxc7 34.dxc7 Rc8 35.Rd6 Qe7 36.Rdd1 Be6
37.Qf2 Bxc4 38.Bd6 Qe8 39.Rfe1 Rf6 40.Bf4 Qxh5+ 41.Kg1 Rff8 42.Qb6 Qh4 43.Be5 Rfe8
44.Qd6 Kh7 45.Qd7 Qg5 46.Bh2 a3 47.Qd6 Qe7 48.Qf4 Qc5+ 49.Kh1 Bd3 50.Bxd3 exd3
51.Rxe8 Rxe8 52.Qa4 Re2 53.Qxb3 d2 54.Bg3 a2 55.Qd3 a1=Q 56.Rxa1 Qc1+ 57.Kh2 Qxa1
58.c8=Q d1=Q 59.Qcxf5+ Kg8 60.Qc4+  1-0

[Event "39th Olympiad Men"]
[Site "Khanty-Mansiysk RUS"]
[Date "2010.09.25"]
[Round "5"]
[White "Mitkov,N1"]
[Black "Al Sulaiti,Ali"]
[Result "1-0"]
[WhiteElo "2531"]
[BlackElo "2134"]

1.e4 c5 2.Nc3 Nc6 3.Bb5 g6 4.Bxc6 bxc6 5.d3 Bg7 6.Nge2 d6 7.Be3 Nf6 8.O-O O-O
9.h3 Rb8 10.b3 Qa5 11.Qd2 Re8 12.Rad1 Ba6 13.f4 Nd7 14.f5 Bb7 15.Bh6 Bh8
16.Qe1 e6 17.fxe6 fxe6 18.Bf4 Ne5 19.Qg3 Ba6 20.Na4 Bg7 21.c4 Qc7 22.Rf2 Rf8
23.d4 cxd4 24.Nxd4 Rbe8 25.Kh1 Nxc4 26.Nxe6 Qa5 27.Nxf8 Rxf8 28.Bc1 Rxf2
29.Qxf2 Ne5 30.Qxa7 Nd3 31.Be3 c5 32.Qa8+  1-0

[Event "EYCC Boys U12"]
[Site "Batumi GEO"]
[Date "2010.09.26"]
[Round "7"]
[White "Petrosyan,M"]
[Black "Ghvamberia,N"]
[Result "1/2-1/2"]
[WhiteElo "1990"]
[BlackElo "1752"]

1.e4 c5 2.Nc3 Nc6 3.Nge2 d6 4.g3 g6 5.d4 cxd4 6.Nxd4 Bg7 7.Be3 Nf6 8.h3 O-O
9.Bg2 a6 10.O-O Qc7 11.g4 Nxd4 12.Bxd4 Be6 13.Ne2 Rac8 14.c3 b5 15.f4 Bc4
16.f5 e5 17.Bf2 d5 18.exd5 Rfd8 19.Bh4 Bxd5 20.Bxd5 Rxd5 21.Qc2 Qc5+ 22.Bf2 Qc6
23.Ng3 Bh6 24.Rad1 Rcd8 25.Rxd5 Qxd5 26.fxg6 hxg6 27.Qe2 Bf4 28.Be3 Bxg3
29.Rxf6 Rd6 30.Rxd6 Qxd6 31.c4 Qc6 32.cxb5 axb5 33.Bg5 e4 34.Be3 Be5 35.b3 Bd6
36.Kg2 Qd5 37.Kf1 Qe5 38.Qf2 Qh8 39.Kg2 Qe5 40.Kf1 Qc3 41.Kg2 Qe5 42.Kf1 Qc3  1/2-1/2

[Event "EYCC Boys U12"]
[Site "Batumi GEO"]
[Date "2010.09.26"]
[Round "7"]
[White "Kharchenko,Da"]
[Black "Kozionov,Kirill"]
[Result "1/2-1/2"]
[WhiteElo "1867"]
[BlackElo "2093"]

1.e4 c5 2.Nf3 Nc6 3.Nc3 e6 4.g3 Nf6 5.Bg2 a6 6.d4 cxd4 7.Nxd4 Qc7 8.Nce2 d6
9.O-O e5 10.Nxc6 bxc6 11.Bg5 Be7 12.Qd3 O-O 13.Rad1 Rd8 14.Bxf6 Bxf6 15.c4 a5
16.Nc3 g6 17.b3 Kg7 18.h3 h5 19.f4 h4 20.f5 hxg3 21.Qxg3 Rh8 22.fxg6 fxg6
23.Qd3 Be7 24.Rf3 Be6 25.Qe2 Rh6 26.Rdd3 Rah8 27.Qf1 Qc8 28.Rde3 Qc7 29.Rd3 Bg5
30.Qf2 Be7 31.Qf1 g5 32.Rg3 Rg6 33.Bf3 Qa7+ 34.Kg2 Rh4 35.Qe2 Rf4 36.Bg4 Rgf6
37.Rdf3 Bxg4 38.hxg4 Qd4 39.Rxf4 exf4 40.Rh3 Qc5 41.Qc2 Qe5 42.Qd1 Rg6 43.Qd3 Bf6
44.Ne2 Kf7 45.Ng1 Bg7 46.Rh5 Qb2+ 47.Qe2 Qc3 48.Nf3 Bf6 49.Rh7+ Rg7 50.Rxg7+ Kxg7
51.Qd2 Qxd2+ 52.Nxd2 Kf7 53.Kf1 Ke7 54.Ke2 d5 55.Kd3 Kd6 56.exd5 cxd5 57.Nf3 Kc5
58.cxd5 Kxd5 59.Nd2 Bd8 60.Nf3 Kc5 61.a3 Be7 62.Kc3 Kd5 63.Kd3 Bf6 64.Nd2 Be7
65.Nf3  1/2-1/2

[Event "EYCC Boys U16"]
[Site "Batumi GEO"]
[Date "2010.09.27"]
[Round "8"]
[White "Druska,J"]
[Black "Pluzyan,A"]
[Result "0-1"]
[WhiteElo "2243"]
[BlackElo "2089"]

1.e4 c5 2.Nf3 Nc6 3.Nc3 e5 4.Bc4 g6 5.d3 Bg7 6.Ng5 Nh6 7.O-O f6 8.f4 exf4
9.Nh3 Ne5 10.Bxf4 Nhf7 11.Bd5 d6 12.Nf2 O-O 13.Qd2 Kh8 14.d4 cxd4 15.Ne2 Nc6
16.Nxd4 Nxd4 17.Qxd4 f5 18.Qb4 a5 19.Qc4 Ne5 20.Qb3 Ra6 21.Rad1 Qc7 22.Be3 a4
23.Qb5 f4 24.Bd4 f3 25.g3 g5 26.c4 Ng6 27.Bxg7+ Qxg7 28.b4 Nf4 29.c5 dxc5
30.Qxc5 Ne2+ 31.Kh1 Rh6 32.g4 b6 33.Qe3 Rxh2+ 34.Kxh2 Qe5+ 35.Kh1 Qg3  0-1

[Event "EYCC Girls U16"]
[Site "Batumi GEO"]
[Date "2010.09.27"]
[Round "8"]
[White "Gevorgyan,M"]
[Black "Sharapova,A"]
[Result "1-0"]
[WhiteElo "1981"]
[BlackElo "2024"]

1.e4 c5 2.Nc3 Nc6 3.Bb5 Nd4 4.Bc4 e6 5.Nge2 Nf6 6.O-O a6 7.a4 d5 8.exd5 exd5
9.Ba2 Bd6 10.d3 Ne6 11.h3 Bb8 12.Ng3 Qd6 13.Qf3 Nd4 14.Re1+ Be6 15.Qd1 h5
16.Bg5 h4 17.Nf1 Kd7 18.Ne2 Nxe2+ 19.Qxe2 Nh5 20.Qf3 f6 21.Bxh4 g5 22.Bg3 Nxg3
23.Nxg3 Bc7 24.Re3 g4 25.hxg4 Rh4 26.Rxe6 Qxe6 27.Bxd5 Qxg4 28.Qxg4+ Rxg4
29.Ne4 Rh4 30.g3 Rh6 31.Bxb7 Rb8 32.Nxc5+ Kd6 33.Ne4+  1-0

[Event "39th Olympiad Men"]
[Site "Khanty-Mansiysk RUS"]
[Date "2010.09.27"]
[Round "6"]
[White "Rowe,D"]
[Black "Bennett,Ala"]
[Result "1-0"]
[WhiteElo "2248"]
[BlackElo "2154"]

1.e4 c5 2.Nf3 Nc6 3.Nc3 Nf6 4.Bb5 Qc7 5.O-O Nd4 6.Bc4 e6 7.d3 Ng4 8.g3 Nxf3+
9.Qxf3 Ne5 10.Qf4 a6 11.a4 Bd6 12.Qe3 Nxc4 13.dxc4 O-O 14.f4 f5 15.b3 fxe4
16.Nxe4 Be7 17.Ba3 d6 18.Rad1 b5 19.Rfe1 bxc4 20.bxc4 Qc6 21.Nc3 Bf6 22.Qe4 Bb7
23.Qxc6 Bxc6 24.Ne4 Bd4+ 25.Kg2 Bxa4 26.Nxd6 e5 27.fxe5 Bc6+ 28.Kh3 Rf2 29.c3 Bxc3
30.Bxc5 Bxe1 31.Rxe1 Rff8 32.e6 a5 33.e7 Rfb8 34.Rf1 a4 35.Nb5 Bxb5 36.cxb5 a3
37.b6 a2 38.Bd6 a1=Q 39.Rxa1 Rxa1 40.Bxb8 Kf7 41.Bc7 Rb1 42.Bd8 Rb4 43.Kg2 Rb2+
44.Kh3 h5 45.Kh4 Rxh2+ 46.Kg5 Rg2 47.Bc7 Kxe7 48.b7  1-0

[Event "39th Olympiad Men"]
[Site "Khanty-Mansiysk RUS"]
[Date "2010.09.27"]
[Round "6"]
[White "Hess,Ro"]
[Black "Nguyen Duc Hoa"]
[Result "1/2-1/2"]
[WhiteElo "2596"]
[BlackElo "2385"]

1.e4 c5 2.Nc3 Nc6 3.Bb5 Nd4 4.Bc4 g6 5.Nf3 Bg7 6.Nxd4 cxd4 7.Qf3 Nh6 8.d3 O-O
9.Ne2 Ng4 10.Qg3 Nf6 11.Bb3 a5 12.a4 d5 13.e5 Nh5 14.Qg5 h6 15.Qh4 Bxe5 16.Bxh6 Bf6
17.Bg5 e5 18.Bxf6 Nxf6 19.O-O Qb6 20.f4 e4 21.f5 Kg7 22.fxg6 fxg6 23.Qf2 exd3
24.Nxd4 Qd6 25.cxd3 Bd7 26.Nf3 Qb4 27.Ra3 Rae8 28.Qd4 Re2 29.Qxb4 axb4 30.Ra2 Ng4
31.Bd1 Ree8 32.Bb3 Re2 33.Bd1 Ree8 34.Ra1 Ne3 35.Re1 Bf5 36.d4 Nc4 37.Bb3 Be4
38.Bxc4 dxc4 39.Ne5 Bd5 40.Rac1 Rf4 41.Red1 Re4 42.Rd2 Rc8 43.a5 c3 44.bxc3 bxc3
45.Rdc2 Rxd4 46.Rxc3 Rxc3 47.Rxc3 Rd1+ 48.Kf2 Rd2+ 49.Ke3 Rxg2 50.Kd4 Be6
51.Rg3 Rxg3 52.hxg3 Kf6 53.Nc4 Ke7 54.Ne5 g5 55.Kc5 Kd8 56.Kd6 Bb3 57.Nd3 Bd1
58.Nc5 Kc8 59.Kd5 g4 60.Ne6 Kd7 61.Nd4 Kc8 62.Nf5 Kc7 63.Ne3 Be2 64.Kc5 Bf3
65.Nc4 Bd1 66.Ne5 Be2 67.Kd5 Kb8 68.Kd4 Ka7 69.Ke3 Bd1 70.Kd2 Ba4  1/2-1/2

[Event "39th Olympiad Women"]
[Site "Khanty-Mansiysk RUS"]
[Date "2010.09.27"]
[Round "6"]
[White "Kovanova,B"]
[Black "Hou Yifan"]
[Result "0-1"]
[WhiteElo "2370"]
[BlackElo "2578"]

1.e4 c5 2.Nf3 Nc6 3.Nc3 g6 4.g3 Bg7 5.Bg2 d6 6.d3 Nf6 7.h3 Rb8 8.Be3 b5 9.Qd2 b4
10.Ne2 Nd7 11.Qc1 O-O 12.O-O a5 13.g4 Ba6 14.Ng3 c4 15.d4 c3 16.Rd1 cxb2
17.Qxb2 e5 18.c3 Nb6 19.Qc1 bxc3 20.d5 Nb4 21.a3 Nd3 22.Qc2 Nb2 23.Rdc1 N6a4
24.Bf1 Bxf1 25.Kxf1 Qd7 26.Ne2 Rbc8 27.Kg2 f5 28.exf5 gxf5 29.Ng5 Qb5 30.gxf5 Qxd5+
31.Ne4 Nd3 32.Qxa4 Nxc1 33.Ng3 Nb3 34.Rb1 Nd2 35.Rb5 Qc4 36.Qxc4+ Nxc4 37.Bc1 c2
38.Rb3 a4 39.Rd3 Na5 40.Nxd6 Rc6 41.f6 Rxf6 42.Ndf5 Bf8 43.Rd8 Kf7  0-1

[Event "39th Olympiad Women"]
[Site "Khanty-Mansiysk RUS"]
[Date "2010.09.27"]
[Round "6"]
[White "Kaps,D"]
[Black "Vasiliev,Olg"]
[Result "1-0"]
[WhiteElo "2300"]
[BlackElo "2293"]

1.e4 c5 2.Nf3 Nc6 3.Nc3 d6 4.Bc4 e5 5.d3 Be7 6.Nd2 Nf6 7.Nf1 Bg4 8.f3 Be6
9.Ne3 h5 10.Ned5 Qd7 11.O-O O-O-O 12.Bb5 Rdg8 13.a4 Bd8 14.a5 g5 15.Be3 Ne8
16.b4 f5 17.exf5 Bf7 18.Qb1 h4 19.f6 g4 20.f4 g3 21.h3 Nxf6 22.Nxf6 Bxf6
23.Ne4 Bg7 24.bxc5 Bf8 25.fxe5 dxe5 26.a6 Bd5 27.Nf6 Qd8 28.c4 Bxg2 29.Kxg2 Qc7
30.Nd5 Qd7 31.axb7+ Kb8 32.Qa2 a6 33.Qxa6 Qxb7 34.Qxc6 Rh7 35.Qe8+ Qc8 36.Ra8+  1-0

[Event "39th Olympiad Men"]
[Site "Khanty-Mansiysk RUS"]
[Date "2010.09.27"]
[Round "6"]
[White "Farley,T"]
[Black "Belzo,K"]
[Result "1/2-1/2"]
[WhiteElo "2231"]
[BlackElo "2007"]

1.e4 c5 2.Nc3 Nc6 3.Nf3 g6 4.Bb5 Bg7 5.O-O e5 6.Bxc6 dxc6 7.d3 Ne7 8.Be3 b6
9.a3 h6 10.Qc1 g5 11.b4 cxb4 12.axb4 Ng6 13.Nd2 Be6 14.Nc4 O-O 15.f3 f5 16.exf5 Bxf5
17.Ne4 Nf4 18.Qd2 Qe7 19.Ra3 Rad8 20.Rfa1 Rd7 21.Qe1 g4 22.fxg4 Bxe4 23.dxe4 Qe6
24.Nd2 Qxg4 25.Bxf4 exf4 26.e5 Bxe5 27.Qxe5 Rxd2 28.Qe4 Rfd8 29.h3 Rd1+ 30.Rxd1 Rxd1+
31.Kh2 Qg7 32.Qxf4 Rd5 33.Qb8+ Qf8 34.Qc7 Qxb4 35.Qb8+ Qf8 36.Qxf8+ Kxf8
37.Rxa7 Rd2 38.c4 Rc2 39.Rb7 Rxc4 40.Rxb6 Kg7 41.Rb7+ Kg6 42.Kg3 Rc2 43.Rc7 Kf6
44.Kf3 Rc3+ 45.Kg4 Kg6 46.Kh4 h5 47.Rd7 Rc4+ 48.g4 hxg4 49.hxg4 Rc1 50.Rd6+ Kg7
51.Kh5 c5 52.Rc6 c4 53.Kg5 c3 54.Rc7+ Kf8 55.Kg6 c2 56.g5 Ke8 57.Rc5 Ke7  1/2-1/2

[Event "39th Olympiad Men"]
[Site "Khanty-Mansiysk RUS"]
[Date "2010.09.27"]
[Round "6"]
[White "Atabayev,M"]
[Black "Cmilyte,V"]
[Result "1-0"]
[WhiteElo "2318"]
[BlackElo "2513"]

1.e4 c5 2.Nf3 Nc6 3.Nc3 Nf6 4.Bb5 g6 5.e5 Ng4 6.Bxc6 dxc6 7.h3 Nh6 8.d3 Nf5
9.O-O Bg7 10.Ne4 b6 11.Bf4 Nd4 12.c3 Ne6 13.Bh2 Ba6 14.Ne1 Qd5 15.c4 Qd7
16.Qd2 Rd8 17.Rd1 O-O 18.Nf3 Nd4 19.Neg5 Bh6 20.Nxd4 cxd4 21.Bf4 c5 22.Ne4 Bg7
23.Rde1 Bb7 24.Re2 Qc6 25.Rfe1 Rfe8 26.f3 f5 27.Nf2 e6 28.h4 Bf8 29.Nh3 Be7
30.Bg5 Qc7 31.Kf2 Kf7 32.Bxe7 Qxe7 33.Ng5+ Kg7 34.Qf4 h6 35.Nh3 Rh8 36.Qg3 Kf7
37.Nf4 Rdg8 38.Rh1 g5 39.Nh5 g4 40.Qf4 Rg6 41.Nf6 gxf3 42.gxf3 Qc7 43.Rg1 Rxg1
44.Kxg1 Qc6 45.Rf2 Ke7 46.Qg3 Rf8 47.Qg7+ Rf7 48.Ng8+ Ke8 49.Qg6 Kf8 50.Qxh6+ Ke8
51.Nf6+ Ke7 52.Qg5 Qa4 53.b3 Qa5 54.Nd5+ Kd7 55.Qg6 Re7 56.Nxe7 Qe1+ 57.Kg2 Qxe5
58.Qf7  1-0

[Event "39th Olympiad Men"]
[Site "Khanty-Mansiysk RUS"]
[Date "2010.09.27"]
[Round "6"]
[White "Karjakin,Sergey"]
[Black "Hracek,Z"]
[Result "1-0"]
[WhiteElo "2747"]
[BlackElo "2633"]

1.e4 c5 2.Nf3 Nc6 3.Nc3 Nf6 4.Bb5 g6 5.Bxc6 dxc6 6.h3 Bg7 7.d3 Nd7 8.Be3 e5
9.Qd2 Qe7 10.Bh6 Bxh6 11.Qxh6 f6 12.Nd2 b6 13.O-O-O Ba6 14.g3 O-O-O 15.f4 Qf8
16.Qxf8 Rdxf8 17.f5 Rfg8 18.Ne2 Kd8 19.b3 Ke7 20.c4 Bc8 21.Nf1 g5 22.h4 h5
23.hxg5 fxg5 24.Nd2 g4 25.a3 a5 26.Kc2 Bb7 27.Rb1 Ra8 28.Nc3 Kd6 29.Nf1 Ba6
30.Ne3 b5 31.cxb5 Bxb5 32.Na4 Ke7 33.Rh4 Rab8 34.Nb2  1-0

[Event "EYCC Boys U18"]
[Site "Batumi GEO"]
[Date "2010.09.28"]
[Round "9"]
[White "Khurtsidze,T"]
[Black "Immonen,V"]
[Result "0-1"]
[WhiteElo "2010"]
[BlackElo "2018"]

1.e4 c5 2.Nc3 Nc6 3.Nge2 g6 4.g3 Bg7 5.Bg2 d6 6.O-O e6 7.d3 Nge7 8.Be3 O-O
9.Qd2 Nd4 10.Rae1 Rb8 11.Nd1 b5 12.c3 Nxe2+ 13.Rxe2 b4 14.Bh6 bxc3 15.bxc3 Bxh6
16.Qxh6 Ba6 17.Rd2 Qa5 18.h4 Rb1 19.h5 Ra1 20.Qf4 Nc8 21.Qf6 Qd8 22.Qf4 e5
23.Qh6 Qf6 24.Ne3 Rxf1+ 25.Bxf1 Nb6 26.Ng4 Qe6 27.f3 Nd7 28.Rh2 Qe7 29.Nf2 Rb8
30.Qc1 Nf6 31.g4 Kg7 32.c4 Kg8 33.Nd1 Rb6 34.Nc3 Bb7 35.Be2 Bc6 36.Bd1 Qb7
37.f4 exf4 38.Qxf4 Qe7 39.hxg6 fxg6 40.Rf2 Nd7 41.Be2 Ne5 42.Nd1 Rb8 43.Qf6 Qxf6
44.Rxf6 Rd8 45.Kf2 Kg7 46.Rf4 Rb8 47.Ke3 Bd7 48.g5 Nf7 49.Bg4 Bc6 50.Rf6 Rd8
51.Re6 Bd7  0-1

[Event "39th Olympiad Men"]
[Site "Khanty-Mansiysk RUS"]
[Date "2010.09.28"]
[Round "7"]
[White "Ibarra Chami,L"]
[Black "Wassin,S"]
[Result "1/2-1/2"]
[WhiteElo "2444"]
[BlackElo "2295"]

1.e4 c5 2.Nc3 Nc6 3.Bb5 Nd4 4.Bc4 g6 5.Nf3 Bg7 6.Nxd4 cxd4 7.Qf3 Nh6 8.Ne2 O-O
9.d3 Ng4 10.Bb3 Ne5 11.Qg3 Nc6 12.h4 Na5 13.h5 Nxb3 14.axb3 e5 15.hxg6 fxg6
16.Qh2 h5 17.Qg3 Qf6 18.c4 d6 19.f3 Be6 20.Bg5 Qf7 21.Qh4 a6 22.O-O Bf6 23.f4 Bxg5
24.fxg5 Qd7 25.Rf6 Rxf6 26.gxf6 Rf8 27.Qg5 Kh7 28.Ng3 Bg4 29.b4 Rf7 30.Rf1 Qe6
31.Rf2 b6 32.b3 Bd1 33.Rf1 Qg4 34.Qxg4 Bxg4 35.Ra1 Bc8 36.Rf1 h4 37.Ne2 g5
38.Nc1 Kg6 39.Rf2 Rxf6 40.Rc2 Rf7 41.Ra2 g4 42.b5 a5 43.b4 Ra7 44.Ra4 Kf7
45.Nb3 Ke8 46.bxa5 bxa5 47.Rxa5 Rxa5 48.Nxa5 Kd7 49.g3 h3 50.Kf2 Kc7 51.Nb3 Kb6
52.Kf1 Be6 53.Kf2 Bf7 54.Nd2 Bg6 55.Nf1 Be8 56.Ke2 Bd7 57.Kd2 Bc8 58.Nh2  1/2-1/2

[Event "39th Olympiad Women"]
[Site "Khanty-Mansiysk RUS"]
[Date "2010.09.28"]
[Round "7"]
[White "Sischy,M"]
[Black "Stojkovska,M"]
[Result "1-0"]
[WhiteElo "1980"]
[BlackElo "1928"]

1.e4 c5 2.Nc3 Nc6 3.Bb5 e6 4.Bxc6 bxc6 5.d3 d5 6.f4 Nf6 7.Nf3 Be7 8.O-O O-O
9.Qe1 Ba6 10.b3 Rb8 11.Kh1 Nd7 12.Na4 c4 13.dxc4 dxc4 14.Rf2 Nf6 15.Bb2 Bb5
16.Rd2 Qa5 17.Bc3 Bb4 18.Bxb4 Qxb4 19.a3 Qe7 20.Nc3 cxb3 21.cxb3 Rfd8 22.Rxd8+ Rxd8
23.Ne5 Qc5 24.b4 Qb6 25.Rc1 Nd7 26.Nxd7 Rxd7 27.e5 Rd3 28.Qe4 Re3 29.Qc2 Bd3
30.Qf2 h6 31.Na4 Qd4 32.Rd1 Re4 33.Qxd4 Rxd4 34.Nc5 Rxf4 35.Nxd3 Re4 36.Rd2 f6
37.exf6 gxf6 38.Kg1 Rd4 39.Kf2 e5 40.Ke3 Rc4 41.Nc5 Rc3+ 42.Rd3 Rc2 43.Kf3 f5
44.Re3 e4+ 45.Kf4 Rf2+ 46.Ke5 Kf7 47.g3 Kg6 48.h4 Rd2 49.g4 fxg4 50.Nxe4 Rh2
51.Kf4 Rxh4 52.Ng3 Kf6 53.Rc3 h5 54.Rxc6+ Ke7 55.Rh6 Rh2 56.Rh7+ Kd6 57.Rxa7 Kc6
58.Ra5 h4 59.Nf5 g3 60.Nxg3 Rf2+ 61.Kg4 hxg3 62.Kxg3 Rf1 63.Kg4 Kb6 64.Kg3 Rf8
65.a4 Rf1 66.Re5 Rf6 67.Kg4 Rf1 68.Re6+ Ka7 69.b5 Ra1 70.Ra6+ Kb7 71.Kf5 Re1
72.a5 Rf1+ 73.Ke4 Re1+ 74.Kd3 Rd1+ 75.Kc2 Rh1 76.Re6 Rh2+ 77.Kd3 Rh3+ 78.Kd4 Rh4+
79.Kd5 Rh5+ 80.Re5 Rh1 81.Re7+ Kb8 82.b6 Ra1 83.Kc6  1-0

[Event "39th Olympiad Men"]
[Site "Khanty-Mansiysk RUS"]
[Date "2010.09.29"]
[Round "8"]
[White "Akylbekov,N"]
[Black "Leitao,R"]
[Result "0-1"]
[WhiteElo "2390"]
[BlackElo "2624"]

1.e4 c5 2.Nc3 Nc6 3.Nf3 a6 4.d4 cxd4 5.Nxd4 e6 6.Nxc6 bxc6 7.Bd3 d5 8.O-O Qc7
9.Qe2 Bb7 10.b3 Nf6 11.Bb2 Be7 12.Rae1 O-O 13.f4 Rfe8 14.e5 Nd7 15.Qh5 g6
16.Qg4 c5 17.f5 exf5 18.Rxf5 Bf6 19.Ref1 Nxe5 20.Qg3 Bg7 21.Rxf7 Re7 22.Rxe7 Qxe7
23.Nd1 Re8 24.Be2 h5 25.Bc1 h4 26.Qg5 Qxg5 27.Bxg5 h3 28.gxh3 Bc8 29.h4 Bh3
30.Rf4 Nc6 31.Kf2 Bd4+ 32.Ke1 Be5 33.Ra4 Nd4 34.Ne3 Bxh2 35.c3 Nxe2 36.Kxe2 Bd7
37.Kd3 Bb5+ 38.Kd2 Bxa4 39.bxa4 Re4 40.Kc2 d4 41.cxd4 Rxd4 42.Kb3 Rb4+ 43.Kc2 Rxa4
44.Kb3 Rb4+ 45.Kc2 Kf7 46.a3 Rd4 47.Kb3 Bf4  0-1

[Event "39th Olympiad Men"]
[Site "Khanty-Mansiysk RUS"]
[Date "2010.09.29"]
[Round "8"]
[White "Xie,G"]
[Black "Votava,J"]
[Result "1-0"]
[WhiteElo "2478"]
[BlackElo "2579"]

1.e4 c5 2.Nc3 Nc6 3.Bb5 Nd4 4.Bc4 e6 5.Nge2 Nf6 6.O-O a6 7.a4 d5 8.exd5 exd5
9.Ba2 Bd6 10.d3 Ne6 11.f4 Nc7 12.f5 O-O 13.Ng3 Be5 14.Nh5 Qd6 15.Nxf6+ Qxf6
16.Qf3 Rd8 17.Bf4 Bxf4 18.Qxf4 Qd6 19.Rae1 Qxf4 20.Rxf4 d4 21.Ne4 Nd5 22.Bxd5 Rxd5
23.Nxc5 Bxf5 24.Nb3 Bd7 25.Re7 Re8 26.Rfxf7 Rxe7 27.Rxe7 Bc6 28.a5 Rb5 29.Nxd4 Rxb2
30.Rc7 Ba4 31.Kf2 b6 32.axb6 Rxb6 33.c4 Be8 34.c5 Rf6+ 35.Ke3 a5 36.Ra7 a4
37.Nf3 Re6+ 38.Kd2 h6 39.d4 Bc6 40.Ne5 Bxg2 41.Rxa4 h5 42.Rc4 Bd5 43.Rc1 Ra6
44.c6 Ra2+ 45.Rc2 Rxc2+ 46.Kxc2 Kf8 47.c7 Bb7 48.Nd7+ Ke7 49.Nb6 g5 50.Kd2 g4
51.Ke3 h4 52.c8=Q Bxc8 53.Nxc8+ Ke6 54.Nb6 Kf5 55.Na4 g3 56.hxg3 hxg3 57.Nc3  1-0

[Event "39th Olympiad Women"]
[Site "Khanty-Mansiysk RUS"]
[Date "2010.09.29"]
[Round "8"]
[White "Gonzalez,Yar"]
[Black "Sischy,M"]
[Result "0-1"]
[WhiteElo "1906"]
[BlackElo "1980"]

1.e4 c5 2.Nc3 Nc6 3.Nf3 d6 4.d4 cxd4 5.Nxd4 Nf6 6.Be2 e5 7.Nxc6 bxc6 8.Bg5 Be7
9.Qd2 Rb8 10.b3 Be6 11.Rd1 O-O 12.Bxf6 gxf6 13.O-O f5 14.f4 f6 15.exf5 Bxf5
16.fxe5 fxe5 17.Bd3 Bxd3 18.Rxf8+ Bxf8 19.Qxd3 d5 20.Qg3+ Bg7 21.Kh1 Qf6
22.Qf3 Qg6 23.Qe2 Rf8 24.Nb1 Rf4 25.g3 Rf5 26.Rg1 Qf6 27.Kg2 Kf7 28.Nd2 e4
29.Rf1 Rxf1 30.Nxf1 Qe5 31.Qa6 Qc7 32.Qe2 h6 33.Qh5+ Kg8 34.Ne3 Qf7 35.Qg4 Kh7
36.Nf5 Be5 37.Qh3 Qf6 38.Qg4 Qf7 39.Nh4 Bd4 40.Qf5+ Qxf5 41.Nxf5 Bc5 42.c3 Kg6
43.g4 Kg5 44.Kg3 h5 45.h4+ Kf6 46.b4 hxg4 47.Nh6 Bd6+ 48.Kf2 g3+ 49.Kg2 Kg6
50.Ng4 Kh5 51.Ne3 Be5 52.Nf5 Bxc3 53.Nxg3+ Kxh4 54.Nf5+ Kg4 55.Ne7 e3 56.Nxc6 e2
57.Ne5+ Bxe5 58.Kf2 Bc3 59.Kxe2 Bxb4 60.Kd3 Bc5  0-1

[Event "Highlands Open"]
[Site "Zdar nad Sazavou CZE"]
[Date "2010.09.29"]
[Round "6"]
[White "Boguszlavszkij,J"]
[Black "Karasek,L"]
[Result "1/2-1/2"]
[WhiteElo "2235"]
[BlackElo "2183"]

1.e4 c5 2.Nc3 Nc6 3.Nge2 d6 4.g3 g6 5.d4 cxd4 6.Nxd4 Bg7 7.Nde2 Nf6 8.Bg2 O-O
9.O-O Rb8 10.a4 a6 11.Nd5 Nd7 12.c4 b5 13.cxb5 axb5 14.Qc2 Nc5 15.axb5 Rxb5
16.Ra8 Nb4 17.Nxb4 Rxb4 18.Nc3 e6 19.Rd1 Qb6 20.Na4 Rxa4 21.Rxa4 Nxa4 22.Qxa4 Bxb2
23.Bxb2 Qxb2 24.Rxd6 e5  1/2-1/2